000 00819nam a2200253Ia 4500
005 20211111074313.0
008 130821s1992 sp gr spa
020 _a8425909163
040 _aCo-BoUCM
_bspa
041 0 0 _aspa
100 1 _aMendoca, Daniel
_9162947
245 1 0 _aIntroducción al análisis normativo
_cDaniel Mendoca
260 _aMadrid (España)
_bCentro de estudios constitucionales
_c1992
300 _a179 páginas
490 _aCuadernos y debates.
_v39
650 0 4 _aDerecho administrativo
_912695
650 0 4 _aDerecho constitucional
_912725
650 0 4 _aFilosofía del derecho
_915792
650 0 4 _aNormas (Derecho)
_920435
650 0 4 _aTeoría del derecho
_925308
830 _aBB_J_DFILO
_931608
942 _cLIBRO
_a8
_e1
_mM539
_2DEWEY
_h340.1
999 _c50484
_d50484